| 000 | 00711cab a2200217 4500 | ||
|---|---|---|---|
| 001 | X3253 | ||
| 008 | 090401t1996 xxu||||| |||| 00| 0 eng d | ||
| 035 | _a(Sirsi) u29466 | ||
| 041 | _aeng | ||
| 100 | _aMarkwell, S. | ||
| 245 | _aBusiness practice v environmental protection | ||
| 260 | _c1996 | ||
| 350 | _a0 | ||
| 490 |
_aCSM (Chartered Surveyor Monthly) _v5(4) January 1996, 24-25(2) |
||
| 520 | _aUnderlines the importance of environmental issues for surveyors, covering such topics as sustainable development and environmental management. | ||
| 650 | _aRISK MANAGEMENT | ||
| 650 | _aSUSTAINABLE DEVELOPMENT | ||
| 690 | _aENVIRONMENTAL AND LAND CONSULTANCY | ||
| 942 | _n0 | ||
| 948 | _c04/03/1997 | ||
| 999 |
_c19845 _d19845 |
||